1440 1607 1028 1264 1654 1556 1754 1420 1562 1857 1767 1376 1753 1857 1961 1095 1459 1435 1419 1273 1733 1242 1092 1635 1454 1303 1982 1840 1937 1926 1117 1297 1724 1062 1431 1214 1165 1650 1119 1913 1778 1795 1896 1493 1332 1730 1439 1024 1760 1304 1424 1354 1977 1848 1289 1669 1977 1827 1099 1705 1737 1881 1463 1338 1993 1412 1161 1006 1771 1233 1615 1127 1367 1463 1273 1898 1604 1185 1683 1288 1166 1092 1467 1466 1954 1298 1602 1159 1380 1435 1792 1663 1111 1462 1372 1470 1451 1867 1662 BCNSPRNW ULIB Ver.6.0+V

เปลี่ยนเป็นภาษาไทย

Change to English
 แสดงรายละเอียดบรรณานุกรม
  กลับหน้าหลัก

Brief Record : Get Marc (ISO 2709) : E-mail record : QR code < ปิดหน้าต่าง
LEADER : 00000nam 2200000uu 4500
001    13399108220
003     ULIB
008    110221s2551||||th 000 0 tha d
020    9789741366996
060 04 WY154^bก469 2551
245 00 การปฏิบัติการพยาบาลผู้ป่วยผู้ใหญ่ระยะวิกฤต =^bNursingpracticum in critically ill adult patients /^cบรรณาธิการ, เพลินตา ศิริปการ ... [และคนอื่นๆ]
246 31 Nursing practicum in critically ill adult patients
250    พิมพ์ครั้งที่ 3
260    ขอนแก่น :^bสาขาวิชาการพยาบาลผู้ใหญ่ สายวิชาพยาบาลศาสตร์คณะพยาบาลศาสตร์ มหาวิทยาลัยขอนแก่น,^c2551
300    291 หน้า :^bภาพประกอบ ;^c26 ซม.
650  7 การดูแลขั้นวิกฤต
650  7 การพยาบาลผู้ป่วยวิกฤต
650  7 ผู้ป่วยหนัก^xการพยาบาล
700 0  เพลินตา ศิริปการ,^eบรรณาธิการ
710 2  มหาวิทยาลัยขอนแก่น. ^bคณะพยาบาลศาสตร์.^bสายวิชาพยาบาลศาสตร์. ^bสาขาวิชาการพยาบาลผู้ใหญ่
945    ^p320^l0^i024755
945    ^p3^l0^i024578
945    ^p3^l0^i024579
945    ^p3^l0^i024577
945    ^p3^l0^i024035
945    ^p3^l0^i024034
945    ^p3^l0^i023706
945    ^p3^l0^i023705
945    ^p320^l0^i023704
945    ^p3^l0^i023707
995    เกษร
999 ^a ใช้งานได้ทุกระบบ
รายการนี้ยังไม่มีแท็ก
คุณยังไม่ได้ล็อกอิน คุณสามารถมีกิจกรรมร่วมกับเว็บไซต์ได้ แต่ต้องล็อกอินก่อน ::
  ล็อกอิน

รายการสื่อสารสนเทศ

ลำดับที่ ประเภท เลขเรียก/บาร์โค้ด สถานที่ สถานะ
- ไม่พบข้อมูล -

รายการใกล้เคียง
    หัวเรื่อง [การดูแลขั้นวิกฤต]
    หัวเรื่อง [การพยาบาลผู้ป่วยวิกฤต]

BibComment


ยังไม่เคยถูกคอมเมนท์

คอมเมนท์ทรัพยากรรายการนี้
  คอมเมนท์: การปฏิบัติการพยาบ..


 Copyright 2026. Bcnsprnw @Library